ბათუმის შოთა რუსთაველის სახელმწიფო უნივერსიტეტის ბიბლიოთეკა

რისკ-მენეჯმენტი ბიზნესში : (ბიბ.ჩანაწერი № 58526)

000 -ლიდერი
ფიქსირებული სიგრძის საკონტროლო ველი 01117nam a22002297a 4500
003 - საკონტროლო ნომრის იდენტიფიკატორი
საკონტროლო ველი Ge_BSU
005 - ბოლო ოპერაციის თარიღი და დრო
საკონტროლო ველი 20220524123839.0
008 - ფიქსირებული სიგრძის მონაცემთა ელემენტები - ზოგადი ინფორმაცია
ფიქსირებული სიგრძის საკონტროლო ველი 220524s2012 ge ||||| |||| 00| 0 geo d
020 ## - წიგნის საერთაშორისო სტანდარტული ნომერი
International Standard Book Number 9789941176999
041 ## - ენის კოდი
Language code of text/sound track or separate title geo
080 ## - უნივერსალური ათობითი კლასიფიკაციის ინდექსი
Universal Decimal Classification number 005.9+330.131.7 ნ-28
100 ## - მთავარი ჩანაწერი - პიროვნების სახელი
Personal name ნარმანია, დავით.
9 (RLIN) 2168
245 ## - ცნობა სათაურის შესახებ
Title რისკ-მენეჯმენტი ბიზნესში :
Remainder of title სახელმძღვ. /
Statement of responsibility, etc დავით ნარმანია, ნინო ფარესაშვილი; რედაქტორი ეკა ჩოხელი.
264 ## - წარმოების, გამოცემის, დისტრიბუციის და სხვა ცნობები
გამოცემის, წარმოების, დისტრიბუციის... ადგილი თბ. :
გამოცემის, წარმოების, დისტრიბუციის... სახელწოდება უნივერსალი,
გამოცემის, წარმოების, დისტრიბუციის... თარიღი 2012.
300 ## - ფიზიკური აღწერა
Extent 234გვ. :
Other physical details ნახ., ცხრ. ;
Dimensions 20სმ.
504 ## - BIBLIOGRAPHY, ETC. NOTE
Bibliography, etc ბიბლიოგრ. ტექსტ. შენიშვნ. და გვ. 232-233.
653 ## - INDEX TERM--UNCONTROLLED
Uncontrolled term რისკების მართვა
653 ## - INDEX TERM--UNCONTROLLED
Uncontrolled term ბიზნესი
700 ## - ADDED ENTRY--PERSONAL NAME
Personal name ფარესაშვილი, ნინო
Relator term ავტორი
9 (RLIN) 7228
700 ## - ADDED ENTRY--PERSONAL NAME
Personal name ჩოხელი, ეკა
Relator term რედაქტორი
9 (RLIN) 13815
942 ## - ADDED ENTRY ELEMENTS (KOHA)
Source of classification or shelving scheme
Koha item type წიგნი
ეგზემპლარები
ჩამოწერის სტატუსი დაკარგული ეგზემპლარის სტატუსი კლასიფიკაციის წყარო ან თაროზე გაწყობის სქემა დაზიანების სტატუსი არ გაიცემა მუდმივი მდებარეობა (დაცვის ადგილი) ამჟამინდელი ადგილსამყოფელი თაროზე განთავსების ადგილი შეძენის თარიღი ღირებულება, შესყიდვის ნორმალური ფასი სრული შენახვის შიფრი შტრიხკოდი ბოლო ოპერაციის თარიღი ეგზემპლარის მიმდევრობითი ნომერი (კეტერი?) ფასის ძალაში შესვლის თარიღი ეგზემპლარის სახეობა საჯარო შენიშვნა Uniform Resource Identifier
          ბათუმის შოთა რუსთაველის სახელმწიფო უნივერსიტეტის მთავარი ბიბლიოთეკა ბათუმის შოთა რუსთაველის სახელმწიფო უნივერსიტეტის მთავარი ბიბლიოთეკა წიგნსაცავი 2022-05-24 12.00 005.9+330.131.7 ნ-28 62454 2022-05-24 62454 2022-05-24 წიგნი 12 ლ.  
          ბათუმის შოთა რუსთაველის სახელმწიფო უნივერსიტეტის მთავარი ბიბლიოთეკა ბათუმის შოთა რუსთაველის სახელმწიფო უნივერსიტეტის მთავარი ბიბლიოთეკა წიგნსაცავი 2024-10-07 12.00 005.9+330.131.7 ნ-28 69151 2024-10-07 69151 2024-10-07 წიგნი 12.00 ნაჩუქარი